00934 a2200193 4500001000700000020001800007040003200025100002000057245004200077260001300119300003000132362000900162490001500171520045900186650001800645650002700663650002600690650002400716121966 a9781442422742 cEscola Canadense de Niteroi aAlexander, Fern10aThe Smurfs: a smurfin' big adventure! aNew York a24 p.c8 x 0.2 x 8 inches0 a20110 aThe smurfs aIt’s the smurfiest night of the year—the Blue Moon Festival—and everyone in Smurf Village is excited! But just as the blue moon begins to rise, the evil wizard Gargamel appears and chases Papa Smurf, Clumsy, Brainy, Gutsy, Grouchy, and Smurfette through a magical portal and into a world they’ve never seen before. Can the Smurfs navigate this strange world and smurf a blue moon to bring them back to their village before Gargamel catches them?  4aGood and evil 4aBooks That Have Movies 4aChildren's Literature 4aAction or Adventure